000
00380nam a2200181Ia 4500
003
0STCL
008
150530s9999 xx 000 0 und d
040
_a
STCL
_c
STCL
100
_a
Thiruvalla Sreeni
245
_a
Sankalanam
250
_a
1
260
_b
Author
_c
1983
300
_a
0
546
_a
Malayalam
942
_2
ddc
_c
BK
999
_c
48931
_d
48931
005
20220125170754.0